[Event "FICGS class M 000011 email"]
[Site "FICGS email"]
[Date "2013.12.26"]
[Round "1"]
[White "Mamrukov, Dmitri"]
[Black "Soszynski, Marek J"]
[Result "1/2-1/2"]
[WhiteElo "2247"]
[BlackElo "2224"]
[PlyCount "61"]
[EventDate "2013.??.??"]
[EventType "tourn (corr)"]
[EventRounds "1"]
[SourceTitle "Corr 2022"]
[Source "ChessBase"]
[SourceDate "2021.10.24"]
[SourceVersion "1"]
[SourceVersionDate "2021.10.24"]
[SourceQuality "1"]

1. d4 Nf6 2. c4 g6 3. Nc3 d5 4. Nf3 Bg7 5. Qb3 dxc4 6. Qxc4 0-0 7. e4 a6 8. Be2 b5 9. Qb3 c5 10. dxc5 Be6 11. Qc2 Nbd7 12. Be3 Rc8 13. Rd1 b4 14. Nd5 Bxd5 15. exd5 Nxc5 16. 0-0 Qd6 17. Rc1 Qb8 18. Rfd1 Rfd8 19. Bxc5 Nd7 20. Bxe7 Rxc2 21. Rxc2 Rc8 22. Rc6 Qa8 23. Rxa6 Qb7 24. Ra4 Rc2 25. Rxb4 Qa7 26. Re4 h6 27. d6 Rxb2 28. Bh4 Qa8 29. Re3 Qa4 30. Rc1 Rxa2 31. Bg3 1/2-1/2

[Event "FICGS class M 000011 email"]
[Site "FICGS email"]
[Date "2013.12.26"]
[Round "1"]
[White "Schutte, John"]
[Black "Mamrukov, Dmitri"]
[Result "1/2-1/2"]
[WhiteElo "2334"]
[BlackElo "2247"]
[PlyCount "44"]
[EventDate "2013.??.??"]
[EventType "tourn (corr)"]
[EventRounds "1"]
[SourceTitle "Corr 2022"]
[Source "ChessBase"]
[SourceDate "2021.10.24"]
[SourceVersion "1"]
[SourceVersionDate "2021.10.24"]
[SourceQuality "1"]

1. e4 e5 2. Nf3 Nc6 3. Bb5 a6 4. Ba4 Nf6 5. 0-0 Be7 6. d3 b5 7. Bb3 d6 8. c3 0-0 9. Re1 Na5 10. Bc2 c5 11. Nbd2 Nc6 12. Nf1 Re8 13. h3 h6 14. Ne3 Be6 15. Bb3 Bxb3 16. Qxb3 Rb8 17. a4 b4 18. c4 Nh7 19. Nd5 Ng5 20. Bxg5 Bxg5 21. Qd1 a5 22. b3 Ne7 1/2-1/2

[Event "FICGS rapid M 000067 email"]
[Site "FICGS email"]
[Date "2013.10.21"]
[Round "1"]
[White "Mamrukov, Dmitri"]
[Black "Schmid, Pablo"]
[Result "1/2-1/2"]
[WhiteElo "2247"]
[BlackElo "2162"]
[PlyCount "53"]
[EventDate "2013.??.??"]
[EventType "tourn (rapid)"]
[EventRounds "6"]
[SourceTitle "Corr 2022"]
[Source "ChessBase"]
[SourceDate "2021.10.24"]
[SourceVersion "1"]
[SourceVersionDate "2021.10.24"]
[SourceQuality "1"]

1. Nf3 d5 2. d4 e6 3. c4 c6 4. Qc2 Nf6 5. g3 dxc4 6. Qxc4 b5 7. Qd3 Bb7 8. Bg2 Nbd7 9. 0-0 a6 10. Nfd2 Qb6 11. a4 Be7 12. Nc3 0-0 13. Nb3 Rfd8 14. Qf3 Rdb8 15. a5 Qd8 16. Qe3 Qf8 17. Ne4 e5 18. Nxf6+ Bxf6 19. dxe5 Nxe5 20. Qc5 Nc4 21. Qxf8+ Rxf8 22. Nc5 Bc8 23. Ra2 Bf5 24. Ne4 Bxe4 25. Bxe4 Rae8 26. Bf3 c5 27. b3 1/2-1/2

[Event "FICGS class M 000062 email"]
[Site "FICGS email"]
[Date "2013.05.01"]
[Round "1"]
[White "Soszynski, Marek J"]
[Black "Mamrukov, Dmitri"]
[Result "1/2-1/2"]
[WhiteElo "2205"]
[BlackElo "2259"]
[PlyCount "41"]
[EventDate "2013.??.??"]
[EventType "tourn (corr)"]
[EventRounds "6"]
[SourceTitle "Corr 2022"]
[Source "ChessBase"]
[SourceDate "2021.10.24"]
[SourceVersion "1"]
[SourceVersionDate "2021.10.24"]
[SourceQuality "1"]

1. d4 Nf6 2. c4 e6 3. Nc3 Bb4 4. Qc2 d5 5. cxd5 Qxd5 6. Nf3 Qf5 7. Qxf5 exf5 8. a3 Be7 9. Bf4 c6 10. e3 Be6 11. Bd3 Nbd7 12. Ng5 Nh5 13. Nxe6 fxe6 14. Ne2 Kf7 15. Bc7 Bd8 16. Bd6 Be7 17. Bxe7 Kxe7 18. h3 g6 19. 0-0 Rac8 20. Rac1 Rhd8 21. b4 1/2-1/2

[Event "FICGS rapid M 000063 email"]
[Site "FICGS email"]
[Date "2013.04.04"]
[Round "1"]
[White "Mamrukov, Dmitri"]
[Black "Simmelink, Joop Theo"]
[Result "1-0"]
[WhiteElo "2277"]
[BlackElo "2238"]
[PlyCount "107"]
[EventDate "2013.??.??"]
[EventType "tourn (rapid)"]
[EventRounds "6"]
[SourceTitle "Corr 2022"]
[Source "ChessBase"]
[SourceDate "2021.10.24"]
[SourceVersion "1"]
[SourceVersionDate "2021.10.24"]
[SourceQuality "1"]

1. Nf3 d5 2. d4 c6 3. c4 Nf6 4. Qc2 dxc4 5. Qxc4 Bf5 6. g3 e6 7. Bg2 Be7 8. 0-0 0-0 9. e3 Nbd7 10. Qe2 c5 11. Rd1 Qc7 12. Nc3 Ne4 13. Ne1 Nxc3 14. bxc3 Rac8 15. e4 Bg6 16. Nd3 cxd4 17. cxd4 Qc2 18. Qxc2 Rxc2 19. Nf4 Nb6 20. h4 h6 21. Nxg6 fxg6 22. Bd2 Nc4 23. Be1 b5 24. e5 Nb2 25. Rd2 Rxd2 26. Bxd2 Nc4 27. Rd1 Rd8 28. d5 Nxd2 29. Rxd2 exd5 30. Bxd5+ Kf8 31. Rd3 Bc5 32. Kg2 Ke7 33. f4 Bb6 34. Kf3 b4 35. Rd2 Rd7 36. Rd1 Rd8 37. Ke4 Rc8 38. Bb3 Rd8 39. Rc1 Rd4+ 40. Kf3 Rd3+ 41. Kg2 Kd7 42. Bc2 Rd2+ 43. Kh3 Kd8 44. Bb3 h5 45. Rc2 Be3 46. Rxd2+ Bxd2 47. Bc2 a5 48. Bxg6 a4 49. Bxh5 b3 50. Bf7 b2 51. Bg6 Kd7 52. Kg4 Ke6 53. Kf3 Ba5 54. h5 1-0

[Event "FICGS W-ch st2 g02 email"]
[Site "FICGS email"]
[Date "2012.12.03"]
[Round "1"]
[White "Mamrukov, Dmitri"]
[Black "Simmelink, Joop Theo"]
[Result "1/2-1/2"]
[WhiteElo "2251"]
[BlackElo "2211"]
[PlyCount "47"]
[EventDate "2012.??.??"]
[EventType "tourn (corr)"]
[EventRounds "8"]
[SourceTitle "Corr 2022"]
[Source "ChessBase"]
[SourceDate "2021.10.24"]
[SourceVersion "1"]
[SourceVersionDate "2021.10.24"]
[SourceQuality "1"]

1. d4 d5 2. c4 c6 3. Nc3 Nf6 4. e3 e6 5. Nf3 Nbd7 6. b3 Bb4 7. Bd2 Qe7 8. Be2 0-0 9. 0-0 b6 10. Qc2 Bb7 11. Rad1 Rac8 12. Ne5 Nxe5 13. dxe5 Nd7 14. f4 f6 15. Bd3 g6 16. exf6 Nxf6 17. Bc1 Bd6 18. Qe2 e5 19. cxd5 cxd5 20. Nb5 e4 21. Nxd6 Rxc1 22. Nxe4 dxe4 23. Rxc1 exd3 24. Qxd3 1/2-1/2